LEADER 01448nam 2200433 450 001 9910795839603321 005 20231129171657.0 010 $a84-1324-493-5 035 $a(MiAaPQ)EBC29347441 035 $a(Au-PeEL)EBL29347441 035 $a(CKB)24237940400041 035 $a(EXLCZ)9924237940400041 100 $a20230119d2019 uy 0 101 0 $aspa 135 $aurcnu|||||||| 181 $ctxt$2rdacontent 182 $cc$2rdamedia 183 $acr$2rdacarrier 200 10$aInnovacio?n Educativa en la Sociedad Digital /$fToma?s Sola Marti?nez, Marina Garci?a Carmona, and Arturo Fuentes Cabrera 205 $a1st ed. 210 1$aMadrid :$cDykinson, S.L.,$d[2019] 210 4$d©2019 215 $a1 online resource (3017 pages) 311 08$aPrint version: Sola Martínez, Tomás Innovación Educativa en la Sociedad Digital Madrid : Dykinson, S.L.,c2019 606 $aComputer-assisted instruction 606 $aComputer-assisted instruction$xDesign 615 0$aComputer-assisted instruction. 615 0$aComputer-assisted instruction$xDesign. 676 $a371.334 700 $aSola Marti?nez$b Toma?s$01270810 702 $aGarci?a Carmona$b Marina 702 $aFuentes Cabrera$b Arturo 801 0$bMiAaPQ 801 1$bMiAaPQ 801 2$bMiAaPQ 906 $aBOOK 912 $a9910795839603321 996 $aInnovacio?n Educativa en la Sociedad Digital$93762238 997 $aUNINA LEADER 01359nam 22004693 450 001 9910156419603321 005 20240804090256.0 010 $a9781631521102 010 $a1631521101 035 $a(CKB)3710000000986436 035 $a(BIP)056193764 035 $a(VLeBooks)9781631521102 035 $a(MiAaPQ)EBC31578928 035 $a(Au-PeEL)EBL31578928 035 $a(Perlego)4664498 035 $a(OCoLC)966671671 035 $a(EXLCZ)993710000000986436 100 $a20240804d2016 uy 0 101 0 $aeng 135 $aurcnu|||||||| 181 $ctxt$2rdacontent 182 $cc$2rdamedia 183 $acr$2rdacarrier 200 10$aAll Set for Black, Thanks $eA New Look at Mourning 205 $a1st ed. 210 1$aNew York :$cShe Writes Press,$d2016. 210 4$d©2016. 215 $a1 online resource (1 p.) 311 08$a9781631521096 311 08$a1631521098 330 8 $aA wry, irreverent take on how we mourn, how we remember, and how we keep our dead with us even as we (sort of) let them go. 610 $aBiography 610 $aBiography & Autobiography 676 $a393/.9 700 $aWeinstein$b Miriam$01433520 801 0$bMiAaPQ 801 1$bMiAaPQ 801 2$bMiAaPQ 906 $aBOOK 912 $a9910156419603321 996 $aAll Set for Black, Thanks$94195256 997 $aUNINA